000 00663nam a22002535a 4500
001 106348
005 20230411085730.0
008 960509s1995 fr 000 0 fre
035 _9(DLC) 96146656
035 _a101921
942 _2lcc
_cbk
010 _a 96146656
020 _a2200216491
040 _aDLC
_cDLC
050 1 4 _aR958 1995
100 1 _aRuss, Jacqueline.
245 1 2 _aL'aventure de la pensée européenne :
_bune histoire des idées occidentales /
_cJacqueline Russ.
260 _aParis :
_bColin,
_c1995.
300 _a298 p.
440 0 _aU ;
_v237
920 _aDO NOT ACQUIRE per sel. off.
922 _aap
946 0 0 _aJPR
999 _c106623
_d106623